000 00556nam a2200229Ia 4500
003 OSt
005 20140321110536.0
008 140130s9999 xx 000 0 und d
020 _a0590440543
050 _aPZ 7
_b.As778Be 1990
100 _aAsch, Frank.
245 _cFrank Asch.
_aBear Shadow /
260 _bScholastic Inc.,
_cc1990.
_aUSA :
300 _a32 p. :
_bcol. ill. ;
_c23 cm.
440 _v1
521 _aG3
526 _c580
650 _aBears --
_xFiction.
650 _aShadows
_xFiction.
942 _cBK
_2lcc
999 _c42223
_d42223